| Tag |
First Indicator |
Second Indicator |
Subfields |
| LEADER |
00000cgm a2200000Mi 4500 |
| 001 |
in00005567713 |
| 006 |
m o c |
| 007 |
cr |n||||||||a |
| 007 |
vz |za|z| |
| 008 |
160408s2015 dcu003 e o vueng d |
| 005 |
20241201231753.8 |
| 035 |
|
|
|a (OCoLC)ocn950267740
|
| 040 |
|
|
|a ALSTP
|b eng
|e rda
|e pn
|c ALSTP
|d OCLCO
|d OCLCF
|d CUS
|d VLB
|d OCLCQ
|d OCLCO
|d IAA
|d FVL
|d IGB
|d WYU
|d OCLCA
|d OCL
|d OCLCO
|d OCLCL
|
| 019 |
|
|
|a 973345280
|a 1087036686
|a 1443957664
|
| 035 |
|
|
|a (OCoLC)950267740
|z (OCoLC)973345280
|z (OCoLC)1087036686
|z (OCoLC)1443957664
|
| 043 |
|
|
|a n-us---
|
| 050 |
|
4 |
|a J82.E9
|b Y68 2015ev
|
| 049 |
|
|
|a TXAM
|
| 245 |
0 |
0 |
|a Your weekly address,
|f August 8, 2015.
|p [Reaffirming our commitment to protecting the right to vote] /
|c the White House.
|
| 264 |
|
1 |
|a Washington, D.C. :
|b United States. White House,
|c 2015.
|
| 300 |
|
|
|a 1 online resource (3 min.).
|
| 306 |
|
|
|a 000252
|
| 336 |
|
|
|a two-dimensional moving image
|b tdi
|2 rdacontent
|
| 337 |
|
|
|a video
|b v
|2 rdamedia
|
| 337 |
|
|
|a computer
|b c
|2 rdamedia
|
| 338 |
|
|
|a other
|b vz
|2 rdacarrier
|
| 338 |
|
|
|a online resource
|b cr
|2 rdacarrier
|
| 344 |
|
|
|a digital
|2 rda
|
| 347 |
|
|
|a video file
|2 rda
|
| 380 |
|
|
|a Videorecording
|
| 490 |
0 |
|
|a Your Weekly Address
|
| 500 |
|
|
|a Title from resource description page (viewed April 08, 2016).
|
| 520 |
|
|
|a In this week's address, the President celebrated the 50th anniversary of the Voting Rights Act by underscoring the importance of one of the most fundamental rights of our democracy -- that all of us are created equal and that each of us deserves a voice.
|
| 546 |
|
|
|a In English.
|
| 610 |
1 |
0 |
|a United States.
|t Voting Rights Act of 1965.
|
| 630 |
0 |
7 |
|a Voting Rights Act of 1965 (United States)
|2 fast
|0 (OCoLC)fst01363616
|
| 650 |
|
0 |
|a Presidents
|z United States
|v Messages.
|
| 650 |
|
0 |
|a Suffrage
|z United States.
|
| 650 |
|
7 |
|a Presidents.
|2 fast
|0 (OCoLC)fst01075723
|
| 650 |
|
7 |
|a Suffrage.
|2 fast
|0 (OCoLC)fst01137187
|
| 651 |
|
7 |
|a United States.
|2 fast
|0 (OCoLC)fst01204155
|1 https://id.oclc.org/worldcat/entity/E39PBJtxgQXMWqmjMjjwXRHgrq
|
| 655 |
|
4 |
|a Streaming videos.
|
| 655 |
|
7 |
|a speeches (documents)
|2 aat
|
| 655 |
|
7 |
|a Speeches.
|2 fast
|0 (OCoLC)fst01774286
|
| 655 |
|
7 |
|a Speeches.
|2 lcgft
|
| 655 |
|
7 |
|a Discours.
|2 rvmgf
|
| 700 |
1 |
|
|a Obama, Barack,
|e speaker.
|
| 710 |
1 |
|
|a United States.
|b White House Office,
|e production company.
|
| 856 |
4 |
0 |
|u http://proxy.library.tamu.edu/login?url=https://www.aspresolver.com/aspresolver.asp?AVN2;2860142
|z Connect to this streaming video (Alexander Street Press)
|t 0
|
| 955 |
|
|
|a Alexander Street Press subscription streaming video
|
| 994 |
|
|
|a 92
|b TXA
|
| 999 |
f |
f |
|s 8befadfe-4305-412e-966f-d32d7b76b974
|i 140053ab-6e39-4134-b422-45a16b001f7e
|t 0
|
| 952 |
f |
f |
|a Texas A&M University
|b College Station
|c Electronic Resources
|d Available Online
|t 0
|e J82.E9 Y68 2015ev
|h Library of Congress classification
|
| 998 |
f |
f |
|a J82.E9 Y68 2015ev
|t 0
|l Available Online
|